Banská Štiavnica, Berggericht -- pamiatková obnova požiarom zničeného múzea
Uložené v:
| Hlavný autor: | |
|---|---|
| Ďalší autori: | |
| Médium: | Rukopis Kniha |
| Jazyk: | Slovak |
| Vydavateľské údaje: |
2024
|
| Predmet: | |
| On-line prístup: | http://is.stuba.sk/zp/portal_zp.pl?podrobnosti=178922 |
| Tagy: |
Žiadne tagy, Buďte prvý, kto otaguje tento záznam!
|
MARC
| LEADER | 00000ntm a22000003a 4500 | ||
|---|---|---|---|
| 001 | stuzp99305 | ||
| 003 | SK-STU | ||
| 005 | 20240608213011.5 | ||
| 007 | ta | ||
| 008 | 150427s2015----xo-----f-mn---000-0-slo-d | ||
| 040 | |a STU |b slo | ||
| 041 | 0 | |a slo | |
| 100 | 1 | |a Šlahorová, Magdaléna |u 053130 |4 aut |U FAD Fakulta architektúry a dizajnu |T FAD Ústav dejín a teórie architektúry a obnovy pamiatok |X 99232 |U A3130 |Y 394 |7 99232 | |
| 242 | 0 | 1 | |a Banská Štiavnica, Berggericht – Restoration of a Museum Destroyed by Fire |y eng |
| 245 | 1 | 0 | |a Banská Štiavnica, Berggericht -- pamiatková obnova požiarom zničeného múzea |
| 260 | |c 2024 | ||
| 650 | 4 | |a múzeum, požiar, |2 slo | |
| 650 | 4 | |a expozícia, návštevnícke centrum |2 slo | |
| 650 | 4 | |a história, obnova, |2 slo | |
| 650 | 4 | |a museum, fire, history, |2 eng | |
| 650 | 4 | |a restoration, |2 eng | |
| 650 | 4 | |a exposition, visitor center |2 eng | |
| 700 | 1 | |a Terao Vošková, Katarína |u 053130 |k Z2 |4 ths |U FAD Fakulta architektúry a dizajnu |T FAD Ústav dejín a teórie architektúry a obnovy pamiatok |X 38058 |U A3130 |Y 394 |7 A000038058 | |
| 856 | 4 | |u http://is.stuba.sk/zp/portal_zp.pl?podrobnosti=178922 | |